Countries with the Highest Percentage of Blond People - Statistics

General Stats
  • This quiz has been taken 319 times
    317 since last reset
  • The average score is 14 of 16
Answer Stats
% Country % Correct
80% Sweden
97%
57% United Kingdom
97%
70% Norway
96%
75% Finland
95%
38% Germany
95%
17% Russia
94%
60% Denmark
93%
38% Poland
93%
60% Iceland
90%
35% Netherlands
90%
28% Belgium
88%
68% Estonia
88%
65% Latvia
87%
65% Lithuania
85%
25% Belarus
81%
63% Australia
56%
No matching quizzes found
Score Distribution
Percent of People with Each Score
Percentile by Number Answered
Your Score History
You have not taken this quiz since the last reset